Meranie rezných síl pri vysokorýchlostnom frézovaní ocele

Gespeichert in:
Bibliographische Detailangaben
1. Verfasser: Matejovič, Jakub, 1990- (Verfasst von)
Weitere Verfasser: Kováč, Martin, 1984- (Betreuung Doktorarbeit)
Format: Manuskript Buch
Sprache:Slowakisch
Veröffentlicht: Trnava : STU v Bratislave MTF UVTE, 2014
Schlagworte:
Online-Zugang:VAIS
Tags: Tag hinzufügen
Keine Tags, Fügen Sie das erste Tag hinzu!

MARC

LEADER 00000ntm a22000003a 4500
001 stu291221
005 20150617230300.9
008 140613s2014----xo------------------slo-d
040 |a STU  |b slo 
041 0 |a slo 
044 |a xo 
100 1 |a Matejovič, Jakub,  |d 1990-  |4 aut  |u M  |T MTF Materiálovotechnologická fakulta  |X 66472  |U M  |Y 60  |7 A000066472 
242 0 0 |a Measurement of cutting forces during High Speed steel milling  |y eng 
245 1 |a Meranie rezných síl pri vysokorýchlostnom frézovaní ocele 
260 |a Trnava :  |b STU v Bratislave MTF UVTE,  |c 2014 
300 |a 74s  |c CD 
650 7 |a počítačová podpora návrhu a výroby  |2 stusub 
650 7 |a Computer-Aided Design and Production  |2 estusub 
650 7 |a cutting forces  |2 estusub 
650 7 |a milling  |2 estusub 
650 7 |a frézovanie  |2 stusub 
650 7 |a rezné sily  |2 stusub 
650 7 |a vysokorýchlostné obrábanie  |2 stusub 
700 1 |a Kováč, Martin,  |d 1984-  |4 ths  |u M3000  |U MTF Materiálovotechnologická fakulta  |T MTF Ústav výrobných technológií  |X 32952  |U M3000  |Y 83  |7 A000032952 
856 4 |a info a plný text  |u http://is.stuba.sk/zp/portal_zp.pl?podrobnosti=99550  |3 VAIS 
996 |c M*DP-11758  |l MMSKP  |s P  |a 0  |w stu291221_0001